000 00687nam a2200169 i 4500
001 184964
003 ES-MaACL
005 20250901204032.0
008 160229s1968 sp |||| | spa d
110 2 _aCámara Oficial de Comercio e Industria de Burgos
_92359
245 1 0 _aCatálogo de las principales industrias de la provincia de Burgos :
_bcomercio exterior. Exportadores. Direcciones de interés para el comercio con el extranjero.
260 _aBurgos :
_bCamara Oficial de Comercio e Industria,
_c1968.
300 _a117 p. ;
_c21 cm.
650 4 _aExportación-
_zBurgos (Provincia)-
_vDirectorios.
_9158891
852 _aES-MaACL
_jC-48844
999 _c184964
_d184964